| 000 | 01622nam0a22003251 4500 | ||
|---|---|---|---|
| 001 | v19\rc\1825770 | ||
| 005 | 20251118180042.0 | ||
| 035 | _a(NLR Aleph) 004939523 | ||
| 090 |
_a5766013 _c5766013 |
||
| 100 | _a20071224d1907 |||y0rusy50 ca | ||
| 101 | 0 | _arus | |
| 102 | _aRU | ||
| 105 | _ay z ||||| | ||
| 200 | 1 |
_aЗаписка заслуженного профессора тайного советника Цветаева о заслугах гофмейстера Нечаева-Мальцова по Музею изящных искусств имп. Александра III в Москве _e(К 50-летию его гос. службы) _fМузей изящ. искусств им. имп. Александра III при Моск. ун-те 1907 г. |
|
| 210 |
_aМосква _cтип. К.Л. Меньшова _d1907 |
||
| 215 |
_a11 с. _d29 |
||
| 300 | _aБез тит. л. Описано по 1 с. На тит. л. и обл. без вых. данных только надзаг. | ||
| 316 |
_aЭкз. РНБ (64-10/164): с автогр. авт. _5NLR: 64-10/164 |
||
| 700 | 1 |
_aЦветаев _bИ. В. _f1847-1913 _gИван Владимирович |
|
| 702 | 1 |
_6z01790 _aНечаев-Мальцов _bЮ. С. _f1834-1913 _gЮрий Степанович _4570 |
|
| 790 | 1 |
_6z01702 _aМальцов _bЮ. С. _f1834-1913 _gЮрий Степанович |
|
| 801 | 0 |
_aRU _bNLR _gpsbo |
|
| 801 | 0 |
_aRU _bRuMoRGB _2psbo |
|
| 801 | 1 |
_aRU _bProSoft-M _2rusmarc |
|
| 852 |
_aNLR _j64-10/164 |
||
| 899 |
_aRuMoRGB _jМК |
||
| 899 |
_aRuMoRGB _jA 315/103 |
||
| 899 |
_aRuMoRGB _jA 324/165 |
||
| 942 | _cBOOK | ||
| 980 | _aNB | ||